000 00342nam a2200133Ia 4500
003 GCL
008 140319s9999 xx 000 0 ara d
040 _aGCL /
_cGCL
082 0 4 _aط
_b813.03
_bك ا
100 1 _aكامل كيلانى
245 1 0 _aابن جبير /
_cكامل كيلانى
300 _a287 ص
490 _aقصص عربية
_v0
999 _c51219
_d51219